| 000 | 01071njm a22002537a 4500 | ||
|---|---|---|---|
| 005 | 2010091000430.0 | ||
| 007 | sd ammalaaahaa | ||
| 008 | 100830t xxu||||| |||| 00| 0 eng d | ||
| 028 |
_a45-AE.1351 _bAngel Records |
||
| 035 | _aGR-01917 | ||
| 040 |
_aSED _cSED |
||
| 100 |
_aMukesh _919323 |
||
| 245 |
_aPujarin / _cby Mayur Productions ; sung by Mukesh; Music by Narayan Dutt;Lyric by Madan _h[sound recording]: |
||
| 246 | _aपुजारिन / | ||
| 260 |
_aDum Dum, India: _bAngel Records _c1969 |
||
| 300 |
_a1 sound disc [GramphoneRecording]: _banalog,45 rpm _c7 in.(SP) _fGramphones Records |
||
| 500 | _aBrief Record | ||
| 505 | _aSide 1 पिया की नगरिया सज के (Piya ki nagariya saj ke) (Mohd Rafi) Side 2 कैसे जियें रे साथ (Kaise Jiyen re sath) (Mukesh). | ||
| 650 |
_xExcerpts _zIndia _917446 _aMotion picture music |
||
| 700 |
_aDutt,Narayan _919347 |
||
| 700 |
_aMadan _919385 |
||
| 942 |
_2ddc _cGR |
||
| 999 |
_c45029 _d45029 |
||